| 000 | 00673nam a22002177a 4500 | ||
|---|---|---|---|
| 999 |
_c15158 _d15158 |
||
| 003 | AR-CdUCM | ||
| 008 | 190426b ||||| |||| 00| 0 spa d | ||
| 020 | _a978-607-527-055-5 | ||
| 040 |
_aMUNICIPALIDAD PROVINCIAL DEL CUSCO _cBIBLIOTECA MUNICIPAL DEL CUSCO |
||
| 082 |
_aPI / 808.06 / _bR92 |
||
| 100 |
_aRueda, Claudia _933549 |
||
| 245 | _aLa línea / | ||
| 260 |
_aMéxico : _bOcéano travesía, _c2016. |
||
| 300 |
_bIlustraciones, _c20 cm. |
||
| 500 | _aNo cuenta con numeración de paginas | ||
| 650 |
_aCuento infantil _93319 |
||
| 650 |
_aLiteratura inicial _927494 |
||
| 650 |
_aPrimera infancia _924660 |
||
| 942 |
_2ddc _cLIBROS |
||
| 945 |
_adavv _d26/04/2016 |
||